| 000 | 00424nam a2200157Ia 4500 | ||
|---|---|---|---|
| 008 | 231221s9999 xx 000 0 und d | ||
| 041 | _aEnglish | ||
| 082 | _a647 COH;1 R | ||
| 100 | _aCohen, William A | ||
| 245 | 0 | _aModel business plans for service business | |
| 260 |
_c1995 _bJohn Wiley _aNEW YORK |
||
| 300 | _axxiii+I.5 | ||
| 650 | _aBusiness,plans,service,business | ||
| 650 | _aHotel management | ||
| 942 | _cHM | ||
| 999 |
_c207884 _d207884 |
||